000 01405cam a2200337 a 4500
001 3998226
003 OSt
005 20180117085952.0
008 960530s1997 enka b 001 0 eng
010 _a 96023820
020 _a052146062X (hardcover)
020 _a0521599539 (pbk.)
040 _aDLC
_cDLC
_dDLC
050 0 0 _aBF463.M4
_bF38 1997
082 0 0 _a153.4
_220
100 1 _aFauconnier, Gilles.
245 1 0 _aMappings in thought and language /
_cGilles Fauconnier.
260 _aCambridge, U.K. ;
_aNew York, NY, USA :
_bCambridge University Press,
_c1997.
300 _aix, 205 p. :
_bill. ;
_c24 cm.
504 _aIncludes bibliographical references (p. [193]-201) and index.
650 0 _aMeaning (Psychology)
650 0 _aSchemas (Psychology)
650 0 _aCognitive maps (Psychology)
650 0 _aPsycholinguistics.
856 4 2 _3Publisher description
_uhttp://www.loc.gov/catdir/description/cam027/96023820.html
856 4 1 _3Table of contents
_uhttp://www.loc.gov/catdir/toc/cam025/96023820.html
906 _a7
_bcbc
_corignew
_d1
_eocip
_f19
_gy-gencatlg
942 _2ddc
_cBK
999 _c2928
_d2928